Critical review of elaboration theory (Record no. 65263)

MARC details
000 -CABECERA
campo de control de longitud fija 00596nam a2200217 a 4500
005 - FECHA Y HORA DE LA ÚLTIMA TRANSACCIÓN
campo de control 20210219152956.0
008 - ELEMENTOS DE LONGITUD FIJA--INFORMACIÓN GENERAL
campo de control de longitud fija 991125n 000 0 u
035 ## - NÚMERO DE CONTROL DEL SISTEMA
Número de control de sistema UPN01000070173
100 ## - ASIENTO PRINCIPAL--NOMBRE PERSONAL
Nombre de persona Wilson, Brent
222 #0 - TÍTULO CLAVE
Título clave EDUCATIONAL TECHNOLOGY RESEARCH AND DEVELOPMENT
245 #0 - MENCIÓN DE TÍTULO
Título Critical review of elaboration theory
300 ## - DESCRIPCIÓN FÍSICA
Extensión 63-79
362 ## - FECHAS DE PUBLICACIÓN Y/O DESIGNACIÓN SECUENCIAL
Fecha de publicación y/o designación secuencial 40, No. 3, 1992
505 ## - NOTA DE CONTENIDO CON FORMATO PREESTABLECIDO
Nota de contenido con formato Septiembre 1993
653 0# - TERMINO DE INDIZACION - NO CONTROLADO
Término no controlado ENSEÑANZA PROGRAMADA
653 0# - TERMINO DE INDIZACION - NO CONTROLADO
Término no controlado PSICOLOGIA COGNOSCITIVA
653 0# - TERMINO DE INDIZACION - NO CONTROLADO
Término no controlado SEQUENTIAL APPROACH
700 ## - ASIENTO SECUNDARIO--NOMBRE DE PERSONAL
Nombre de persona Cole, Peggy
904 ## - ELEMENTOS DE DATOS D LOCAL, LDD (RLIN)
a AC
b 007984
905 ## - TIPO DE MATERIAL
Tipo de material Articulo

No items available.